| 000 | 00462nam a22001817a 4500 | ||
|---|---|---|---|
| 003 | CEME | ||
| 005 | 20210628203038.0 | ||
| 008 | 210216b xxu||||| |||| 00| 0 eng d | ||
| 020 | _a0-07-038182-8 | ||
| 040 | _c. | ||
| 082 | _a650.01513 DON | ||
| 100 |
_aDon, Eugene, Lerner, Joel _963003 |
||
| 245 | _aBasic business mathematics | ||
| 260 |
_aNEW YORK _bMCGRAW HILL _c1999 |
||
| 300 | _aVI,244P | ||
| 650 |
_aBUSINESS MATHEMATICS _939083 |
||
| 942 |
_cBK _2ddc |
||
| 999 |
_c571954 _d571954 |
||